Responses for show #2679 - Thursday, April 4, 1996

David Sampugnaro game 4.

Contestants

[<< previous game]

John Fitzgibbon, a bank teller from Chicago, Illinois

Vince Mohan, a high school teacher from Englewood, New Jersey

David Sampugnaro, a writer and consultant originally from Elmsford, New York (whose 3-day cash winnings total $49,401)

[next game >>]

Jeopardy! Round responses

1933
RODGERS & HAMMERSTEIN
HOLIDAYS & OBSERVANCES
THE BODY HUMAN
CARDS & DICE
BIBLICAL WORDS & PHRASES
    $100 6
Franklin D. Roosevelt

David
    $100 26
"The King And I"

David
    $100 11
Japan

David
    $100 16
Tuberculosis

David
    $100 21
52

John
    $100 1
Its Spots

David
    $200 7
"Ulysses"

John
    $200 27
John Steinbeck

John
    $200 12
July 4

David
    $200 17
Joints

David
    $200 22
Ace

Vince
    $200 2
Jordan River

David
    $300 8
FDIC (Federal Deposit Insurance Corporation)

David
    $300 28
"Carousel"

David
    $300 13
Slavery

John
    $300 18
Atria

John
    $300 23
Go Fish

Vince
    $300 3
Vipers

David
    $400 9
Fiorello LaGuardia

David
    $400 29
"Oklahoma!"

David
    $400 14
Simon Bolivar

David
    $400 19
Vitamin D

Vince
    $400 24
North, South, East & West

Vince
    $400 4
"Stranger In A Strange Land"

Vince
    $500 10
Reichstag

John
    $500 30
(D: What is "Miss Saigon?")

"Flower Drum Song"

David
Triple Stumper
    $900 15
Belize (formerly British Honduras)

David
    $500 20
Platelets

John
    $500 25
5

David
    $500 5
Death

Vince

Scores at the first commercial break (after clue 15):

David Vince John
$3,000 $900 $1,000

Scores at the end of the Jeopardy! Round:

David Vince John
$4,100 $2,200 $2,100

Double Jeopardy! Round responses

ROYALTY
FOOD
BRITISH POETS & POETRY
BOXING MOVIES
NATIONAL PARKS OF THE WORLD
BEGINS & ENDS WITH "T"
    $200 8
"Bonnie" Prince Charlie

David
    $200 13
Raisins

David
    $200 24
Robert Browning

Vince
    $200 21
Hulk Hogan

David
    $200 2
Mexico

John
    $200 1
Tomcat

David
    $400 9
Prince Rainier

David
    $400 14
U.S.A.

Vince
    $400 29
Alfred Lord Tennyson

David
    $400 22
Charles Bronson

David
    $400 7
Mt. Kilimanjaro

Vince
    $400 3
Tourniquet

John
    $600 10
(D: What is Hungary?)

Spain

DavidJohn
    $600 15
Ham

Vince
    $600 27
Lord Byron

John
    $600 23
Jean Harlow

John
    $600 18
Bulgaria

David
    $600 4
Truant officer

David
    $800 11
Ivan The Terrible

David
    $800 16
Rice Pudding

Triple Stumper
    $500 28
(John: What are birds?)

daffodils

John
    $800 25
"Requiem For A Heavyweight"

John
    $2,000 19
Banff

David
    $800 5
Twilight

John
    $1000 12
(D: Who is Tiberius?)

Augustus

DavidVince
    $1000 17
Herring

David
    $1000 30
Percy B. Shelley

John
    $1000 26
Golden Boy

John
    $1000 20
(John: What is Angel Falls?)

Iguazu Falls

John
Triple Stumper
    $1000 6
Thunderbolt

David

Scores at the end of the Double Jeopardy! Round:

David Vince John
$10,500 $4,800 $6,600

[wagering suggestions for these scores]

Final Jeopardy! Round responses

FAMOUS TEACHERS
VinceWho is Pat Conroy?
$2,000
JohnWho is Montessori?
$5,000
DavidWho is Annie Sullivan?
$3,000
John Scopes (famous Scopes Trial)

Final scores:

David Vince John
$7,500 $2,800 $1,600
4-day champion: $56,901 2nd place: Gibson Side-by-side Refrigerator/Freezer 3rd place: Key Interactive "Musical Instrument"

Game dynamics:

Coryat scores:

David Vince John
$8,900 $4,800 $7,100
29 R
(including 2 DDs),
3 W
11 R,
0 W
16 R,
2 W
(including 1 DD)

Combined Coryat: $20,800

The J! Archive is created by fans, for fans. Scraping, republication, monetization, and malicious use prohibited; this site may use cookies and collect identifying information. See terms. The Jeopardy! game show and all elements thereof, including but not limited to copyright and trademark thereto, are the property of Jeopardy Productions, Inc. and are protected under law. This website is not affiliated with, sponsored by, or operated by Jeopardy Productions, Inc. Join the discussion at JBoard.tv.